000 00942nam a2200265Ia 4500
003 OSt
005 20221005112418.0
006 a|||||r|||| 00| 0
007 ta
008 221004b |||||||| |||| 00| 0 pan d
020 _c200
024 _a117386
037 _b565, 02/02/2012, H.K. Prakashan
_cTextual
040 _aCRL
_cCRL
_bpan
041 _2pan
_apan
082 _aP153, 153Q1
100 _aਕੰਗ, ਗੁਲਗ਼ਾਰ ਸਿੰਘ, ਥਦ।
245 0 _aਗੁਰਮੁਖੀ ਲਿਪੀ ਭਾਾ ਤੇ ਸਾਹਿਤ
260 _aਚੰਡਿਗੜ
_bਲੋਕਗੀਤ ਪ੍ਰਕਾਨ ਭਾਰਤ
_c2011
300 _a178ਪੰ
_ccm.
650 _a ਪੰਜਾਬੀ ਭਾFਾ
650 _aਪੰਜਾਬੀ ਭਾFਾ
942 _hP153, 153Q1
_cTEXL
_2cc
999 _c1024812
_d1024812